| 000 | 00000nam 2200000zi 4500 |
| 001 | 9.937108 |
| 003 | CaOODSP |
| 005 | 20240419084624 |
| 006 | m o d f |
| 007 | cr mn||||||||| |
| 008 | 240419s2022 quc o f000 0 eng d |
| 040 | |aCaOODSP|beng|erda|cCaOODSP |
| 043 | |an-cn--- |
| 045 | |ay2y2 |
| 086 | 1 |aEn4-518/2022-1E-PDF |
| 245 | 00|aAt a glance : |baudit of the Environment and Climate Change Canada application and implementation of the Policy on COVID-19 vaccination for the core public administration Including the Royal Canadian Mounted Police - leave without pay. |
| 264 | 1|a[Gatineau, Quebec] : |bEnvironment and Climate Change Canada = Environnement et changement climatique Canada, |c[2022] |
| 300 | |a1 online resource (3 pages) |
| 336 | |atext|btxt|2rdacontent |
| 337 | |acomputer|bc|2rdamedia |
| 338 | |aonline resource|bcr|2rdacarrier |
| 500 | |aIssued also in French under title: Regards sur l'audit : audit de l'application et de la mise en Ĺ“uvre par ECCC de la Politique sur la vaccination contre la COVID 19 applicable à l'administration publique centrale, y compris à la Gendarmerie royale du Canada - congé sans solde. |
| 610 | 10|aCanada. |bEnvironment and Climate Change Canada|xAuditing. |
| 610 | 10|aCanada. |bEnvironment and Climate Change Canada|xOfficials and employees|xHealth and hygiene. |
| 650 | 0|aCOVID-19 (Disease)|xVaccination|xGovernment policy|zCanada. |
| 650 | 0|aLeave of absence|xGovernment policy|zCanada. |
| 710 | 1 |aCanada. |bEnvironment and Climate Change Canada. |bAudit and Evaluation Branch, |eissuing body. |
| 775 | 08|tRegards sur l'audit : |w(CaOODSP)9.937109 |
| 856 | 40|qPDF|s269 KB|uhttps://publications.gc.ca/collections/collection_2024/eccc/en4/En4-518-2022-1-eng.pdf |
| 856 | 4 |qHTML|sN/A|uhttps://www.canada.ca/en/environment-climate-change/corporate/transparency/priorities-management/internal-audits/application-implementation-policy-covid-19-vaccination/at-a-glance.html |